[Event "34th World Open"]
[Site "Philadelphia USA"]
[Date "2006.07.03"]
[Round "6"]
[White "Perelshteyn,E"]
[Black "Mohota,N"]
[Result "1-0"]
[WhiteElo "2526"]
[BlackElo "2314"]

1.d4 d5 2.c4 e6 3.Nc3 Be7 4.Nf3 Nf6 5.Bf4 O-O 6.e3 c5 7.dxc5 Bxc5 8.Qc2 Nc6
9.Rd1 Qa5 10.Be2 Nb4 11.Qb3 dxc4 12.Bxc4 Nbd5 13.Be5 Qb4 14.a3 Qxb3 15.Bxb3 Nxc3
16.Bxc3 b6 17.Ba4 a5 18.Bc6 Ra7 19.Ne5 Rc7 20.b4 axb4 21.axb4 Be7 22.b5 Nd5
23.Bd4 f6 24.Nc4 Bd7 25.Bxd5 exd5 26.Nxb6 Bb4+ 27.Ke2 Bxb5+ 28.Kf3 Rc2 29.Rc1 Be2+
30.Kg3 Rxc1 31.Rxc1 Rd8 32.f3 Ba5 33.Na4 Bb5 34.Nc5 Rc8 35.Rb1 Bc4 36.Rb7 Rc7
37.Rb8+ Kf7 38.f4 Re7 39.Kf3 Bc7 40.Rb2 Bd6 41.Na4 Bd3 42.Nc3 Bc4 43.g4 Rd7
44.h4 Be7 45.g5 h6 46.gxh6 gxh6 47.h5 Bd8 48.Rb8 Bd3 49.Rc8 Ba6 50.Ra8 Bd3
51.Rb8 Be7 52.Rb6 Bd8 53.Rc6 Be7 54.Rc8 Ba6 55.Rb8 Bd3 56.Ra8 Bd8 57.Na4 Be4+
58.Kg3 Be7 59.Rc8 Rd8 60.Rc7 Ke6 61.Nc5+ Bxc5 62.Rxc5 Rg8+ 63.Kh3 Kf5 64.Rc6 Bg2+
65.Kh2 Ke4 66.Rxf6 Bf3 67.Re6+ Kd3 68.Rg6 Rc8 69.Rxh6 Rf8 70.Kg3 Ke2 71.Kh4 Rf5
72.Rh8 Kf1 73.h6 Rh5+ 74.Kg3 Ke2 75.Rb8 Be4 76.Rb2+ Kd3 77.Rh2 Rxh2 78.Kxh2 Kc4
79.Kg3 Kb5 80.Kg4 Kc6 81.f5  1-0

[Event "34th World Open"]
[Site "Philadelphia USA"]
[Date "2006.07.04"]
[Round "9"]
[White "Gagunashvili,M"]
[Black "Ginsburg,M"]
[Result "1-0"]
[WhiteElo "2560"]
[BlackElo "2378"]

1.d4 Nf6 2.c4 e6 3.Nc3 d5 4.Nf3 Be7 5.Bf4 O-O 6.e3 Nbd7 7.c5 Nh5 8.Bd3 f5
9.Qe2 Nxf4 10.exf4 Nf6 11.Rc1 c6 12.O-O Ne4 13.Nd1 b6 14.b4 a5 15.a3 axb4
16.axb4 bxc5 17.bxc5 Bf6 18.Rb1 Ra4 19.Qe3 Ra3 20.Rb6 Qe8 21.Ne5 Bd8 22.Rb2 Bc7
23.Qe2 g5 24.f3 gxf4 25.fxe4 Bxe5 26.dxe5 fxe4 27.Bxe4 dxe4 28.Qxe4 Qh5 29.Nf2 Re3
30.Qxc6 Qxe5 31.Rd2 h5 32.Qd6 f3 33.Nd3 Qg7 34.Rdf2 e5 35.Qd5+ Kh7 36.Rxf3 Be6
37.Qc6 Bd7 38.Qb7 Re2 39.Rxf8  1-0

[Event "REDA IM"]
[Site "Brno CZE"]
[Date "2006.07.05"]
[Round "7"]
[White "Andonov,B"]
[Black "Porat,Dav"]
[Result "0-1"]
[WhiteElo "2416"]
[BlackElo "2206"]

1.Nf3 d5 2.d4 Nf6 3.c4 e6 4.Nc3 Be7 5.Bf4 O-O 6.Rc1 c5 7.dxc5 Bxc5 8.cxd5 exd5
9.e3 Nc6 10.a3 d4 11.Nb5 Qa5+ 12.Nd2 dxe3 13.fxe3 Bxe3 14.Bxe3 Re8 15.Qb3 Ng4
16.Rc3 Be6 17.Qd1 Bd7 18.b4 Qb6 19.Nc4 Qxb5 20.Qxd7 Qg5 21.Qd2 Rad8 22.Qe2 Qf6
23.Qxg4 Qxc3+ 24.Kf2 b5 25.Qf4 bxc4 26.Bxc4 Ne5 27.Rc1 Ng4+ 28.Kf3 Rxe3+
29.Kxg4 Qxc1  0-1

[Event "35th TCh-GRE"]
[Site "Ermioni GRE"]
[Date "2006.07.06"]
[Round "4"]
[White "Dorfanis,I"]
[Black "Katsiris,I"]
[Result "1-0"]
[WhiteElo "2182"]
[BlackElo "2132"]

1.d4 e6 2.c4 d5 3.Nc3 Be7 4.Nf3 Nf6 5.Bf4 O-O 6.e3 c5 7.dxc5 Qa5 8.a3 dxc4
9.Bxc4 Rd8 10.Qe2 Nc6 11.O-O Qxc5 12.b4 Qh5 13.b5 Na5 14.Bc7 Nxc4 15.Bxd8 Bxd8
16.Qxc4 Bd7 17.Rfd1 Ba5 18.Rac1 Bxc3 19.Rxc3 Bxb5 20.Qc7 g5 21.Rc5 Nd5 22.Rdxd5 exd5
23.Rxd5 h6 24.Rxb5 Qg4 25.Rxb7 Qe6 26.Rb8+ Rxb8 27.Qxb8+ Kh7 28.Qxa7 Qb3
29.h3 Qd1+ 30.Kh2 Qd6+ 31.g3 Qf6 32.Kg2 h5 33.Qxf7+  1-0

[Event "XXIX Open"]
[Site "Barbera del Valles ESP"]
[Date "2006.07.07"]
[Round "3"]
[White "Epishin,V"]
[Black "Narciso Dublan,M"]
[Result "0-1"]
[WhiteElo "2565"]
[BlackElo "2510"]

1.d4 d5 2.c4 e6 3.Nf3 Nf6 4.Nc3 Be7 5.Bf4 O-O 6.e3 c5 7.dxc5 Bxc5 8.Qc2 Nc6
9.Rd1 Qa5 10.a3 Be7 11.Be2 dxc4 12.Bxc4 a6 13.O-O b5 14.Ba2 Bb7 15.Ne4 Nb4
16.Nxf6+ Bxf6 17.Bc7 Qxa3 18.bxa3 Nxc2 19.Bd6 Rfd8 20.Bb3 Nd4 21.Nxd4 Rxd6
22.a4 bxa4 23.Bxa4 Rad8 24.Rb1 Be4 25.Nc2 Rd2 26.Rfc1 Bb2  0-1

[Event "21st North Sea Cup"]
[Site "Esbjerg DEN"]
[Date "2006.07.09"]
[Round "2"]
[White "Akdag,D"]
[Black "Rendboe,J"]
[Result "1-0"]
[WhiteElo "1958"]
[BlackElo "2207"]

1.d4 Nf6 2.c4 e6 3.Nc3 d5 4.Nf3 Be7 5.Bf4 O-O 6.e3 b6 7.Rc1 c5 8.Be2 Bb7
9.O-O Nbd7 10.Re1 Ne4 11.Nxe4 dxe4 12.Nd2 Bf6 13.Nb3 e5 14.dxe5 Nxe5 15.Qc2 Qe7
16.Nd2 Ng6 17.Bg3 Rfe8 18.Nb1 Rad8 19.Nc3 Nh4 20.Qa4 Rd2 21.Qxa7 Rxb2 22.Nb5 Ra8
23.Qxb6 Ra6 24.Qc7 Qxc7 25.Nxc7 Raxa2 26.Bg4 Ng6 27.Red1 h6 28.Bf5 Rd2 29.Rxd2 Rxd2
30.Bxg6 fxg6 31.h3 Kf7 32.Rb1 Bb2 33.Bd6 Rxd6 34.Rxb2 Bc6 35.Rb6 Rd1+ 36.Kh2 Bd7
37.Na6 Be6 38.Nxc5 Bxc4 39.Nxe4 Be6 40.Rd6 Rc1 41.Kg3 Ke7 42.Rb6 Rg1 43.Nc5 Bf7
44.Rb7+ Kf6 45.Nd7+ Ke6 46.Nf8+ Kf6 47.Rb6+ Kf5 48.f3 g5 49.Nd7  1-0

[Event "Open"]
[Site "Kavala GRE"]
[Date "2006.07.09"]
[Round "7"]
[White "Saric,A"]
[Black "Halkias,S"]
[Result "0-1"]
[WhiteElo "2475"]
[BlackElo "2551"]

1.d4 Nf6 2.Nf3 e6 3.c4 d5 4.Nc3 Be7 5.Bf4 O-O 6.e3 b6 7.Bd3 dxc4 8.Bxc4 Bb7
9.Qe2 a6 10.Rd1 b5 11.Bb3 Nbd7 12.O-O c5 13.dxc5 Qe8 14.c6 Bxc6 15.a3 Rc8
16.e4 b4 17.axb4 Bxb4 18.Nd2 Nc5 19.Bc2 Bxc3 20.bxc3 Ba4 21.Bxa4 Qxa4 22.Bd6 Rfd8
23.Be7 Rd7 24.Bxf6 gxf6 25.Qg4+ Kf8 26.Qh4 Ke7 27.Ra1 Qc2 28.Nc4 Rg8 29.e5 Qg6
30.g3 h6 31.Nb6 Rc7 32.Rfe1 Rd8 33.Ra5 Ke8 34.Rxc5 Rxc5 35.Qa4+ Rb5 36.c4 Rd4
37.exf6 Qd3 38.Kg2 Qd2 39.Qxa6 Qxe1 40.Qc8+ Rd8 41.Qb7 Qb4 42.cxb5 Qd6 43.Qc6+ Kf8
44.Kh3 Qd3 45.Qc5+ Kg8 46.Nc8 Rd4 47.Ne7+ Kh7 48.Qc1 Rc4 49.Qh1 Rb4 50.f4 Rxb5
51.Qa8 Rh5+ 52.Kg4 Qe2+ 53.Qf3 Rg5+ 54.fxg5 h5+ 55.Kf4 e5+ 56.Kf5 Qxf3+  0-1

[Event "3rd South Wales Int"]
[Site "Caerleon WLS"]
[Date "2006.07.10"]
[Round "4"]
[White "Dobrov,V"]
[Black "Cobb,J"]
[Result "1/2-1/2"]
[WhiteElo "2493"]
[BlackElo "2370"]

1.d4 d5 2.c4 e6 3.Nc3 Be7 4.Nf3 Nf6 5.Bf4 O-O 6.e3 b6 7.cxd5 exd5 8.Bd3 Bb7
9.O-O a6 10.Ne5 Nbd7 11.Qf3 c5 12.Rad1 cxd4 13.exd4 Re8 14.Rfe1 Nf8 15.Bb1 Ne6
16.Be3 b5 17.Ne2 Bb4 18.Rf1 Bd6 19.Nd3 Ne4 20.Nc5 Nxd4 21.Bxd4 Bxc5 22.Bxc5 Nxc5
23.Nc3 Ne4 24.Nxd5 Bxd5 25.Bxe4 Bxe4 26.Rxd8 Bxf3 27.Rxe8+ Rxe8 28.gxf3 Re2
29.Rc1 g6 30.Rc8+ Kg7 31.Ra8 Rxb2 32.Rxa6 b4 33.Kg2 h5 34.h4 Kg8  1/2-1/2

[Event "3rd St Nikolay GM"]
[Site "Mionica SCG"]
[Date "2006.07.18"]
[Round "8"]
[White "Bozic,Mi"]
[Black "Muratovic,A"]
[Result "1/2-1/2"]
[WhiteElo "2357"]
[BlackElo "2445"]

1.d4 d5 2.c4 e6 3.Nc3 Nf6 4.Nf3 Be7 5.Bf4 O-O 6.Rc1 c5 7.dxc5 Bxc5 8.cxd5 exd5
9.e3 Nc6 10.a3 d4 11.Nb5 Qa5+ 12.Qd2 Qxd2+ 13.Nxd2 dxe3 14.fxe3 Be7 15.Nc7 Rb8
16.Nb5 Ra8 17.Nc7  1/2-1/2

[Event "6th Open"]
[Site "Saint Chely d'Aubrac FRA"]
[Date "2006.07.20"]
[Round "7"]
[White "Saucey,Mic"]
[Black "Desboeufs,A"]
[Result "1-0"]
[WhiteElo "2342"]
[BlackElo "2028"]

1.d4 d5 2.Nf3 Nf6 3.c4 e6 4.Nc3 Be7 5.Bf4 O-O 6.e3 Nbd7 7.c5 c6 8.Bd3 Re8
9.b4 Nf8 10.h3 Nh5 11.Bh2 f5 12.O-O Nf6 13.b5 Ne4 14.Bxe4 dxe4 15.Ne5 Qa5
16.Qb3 Bf6 17.Nc4 Qd8 18.bxc6 bxc6 19.Nd6 Re7 20.Nxf5 Rb7 21.Qc4 a5 22.Rfb1 Rb4
23.Rxb4 axb4 24.Nxe4 Ba6 25.Qb3 Qd5 26.Nxf6+  1-0

[Event "Summer Cup"]
[Site "Litohoro GRE"]
[Date "2006.07.22"]
[Round "1"]
[White "Stojanovic,Mih"]
[Black "Nikolaidou,E"]
[Result "1-0"]
[WhiteElo "2549"]
[BlackElo "1897"]

1.Nf3 Nf6 2.c4 e6 3.Nc3 d5 4.d4 Be7 5.Bf4 O-O 6.e3 Re8 7.Bd3 dxc4 8.Bxc4 a6
9.a4 c5 10.O-O Nc6 11.d5 exd5 12.Nxd5 Nxd5 13.Bxd5 Bg4 14.Qb3 Kh8 15.Bxf7 Rf8
16.Rfd1 Qc8 17.Bd5 Nb4 18.Be4 a5 19.Qc4 Bf5 20.Ne5 Bxe4 21.Qxe4 Bf6 22.Nd7 Re8
23.Qc4 Ra6 24.Rd2 Rae6 25.Rad1 Re4 26.Qxc5 Qxc5 27.Nxc5 Rc4 28.Nxb7 Nc6 29.Nd6  1-0

[Event "10th Battle of Senta 1697 Open"]
[Site "Senta SCG"]
[Date "2006.07.22"]
[Round "2"]
[White "Tancik,K"]
[Black "Ristic,Neb2"]
[Result "1/2-1/2"]
[WhiteElo "2123"]
[BlackElo "2263"]

1.d4 d5 2.c4 e6 3.Nf3 Nf6 4.Nc3 Be7 5.Bf4 O-O 6.e3 c5 7.dxc5 Bxc5 8.a3 Nc6
9.Qc2 Qa5 10.Nd2 Be7 11.Bg3 Bd7 12.Be2 Qd8 13.Nf3 dxc4 14.Bxc4 a6 15.Rd1 b5
16.Be2 Qb6 17.O-O Rac8 18.Bd6 Rfd8 19.Bxe7 Nxe7 20.Qb3 Bc6 21.Ne5 Bb7 22.Rxd8+ Rxd8
23.Rd1 Rxd1+ 24.Qxd1 Ned5 25.Nxd5 Bxd5 26.Bf3 Qc7 27.Bxd5 Nxd5 28.Nd3 h6
29.Qc1 Qxc1+ 30.Nxc1 Kf8 31.Kf1 Ke7 32.Ke2 Kd6 33.Kd3 a5 34.Ne2 a4 35.Nc3 Nc7
36.Ne4+ Kd5 37.Nc3+ Kc6 38.Kd4 Na6 39.Na2 Kd6 40.Nb4 e5+ 41.Kc3 Nc7 42.e4 f6
43.Nd3 Na6 44.f3 f5 45.b3 axb3 46.Kxb3 fxe4 47.fxe4 Ke6 48.a4 bxa4+ 49.Kxa4 Kd6
50.Kb5 Nc7+ 51.Kb6 Ne6 52.Nb2 Nf4 53.Nc4+ Ke6 54.Ne3 Nd3 55.Nd1 Nf4 56.Ne3 h5
57.Kb5 h4 58.Kc4 h3 59.gxh3 Nxh3 60.Ng4 Nf4 61.Kc3  1/2-1/2

[Event "XLVIII TCh-POR"]
[Site "Evora POR"]
[Date "2006.07.23"]
[Round "2"]
[White "Dias,P"]
[Black "Rocha,S"]
[Result "0-1"]
[WhiteElo "2363"]
[BlackElo "2401"]

1.d4 d5 2.c4 e6 3.Nc3 Nf6 4.Nf3 Be7 5.Bf4 O-O 6.e3 dxc4 7.Bxc4 a6 8.Rc1 Nbd7
9.O-O c5 10.a3 cxd4 11.Qxd4 b5 12.Ba2 Bb7 13.Rfd1 Rc8 14.Bd6 Bxd6 15.Qxd6 Bxf3
16.gxf3 Qa5 17.Rd4 Nb6 18.Rcd1 Nc4 19.Bxc4 bxc4 20.Kh1 h6 21.Rg1 Kh8 22.Qf4 Rb8
23.Ne4 Nxe4 24.Rxe4 Qf5 25.Qg3 Qf6 26.Rxc4 Qxb2 27.Rd4 Rg8 28.a4 Qc2 29.Rg4 Rb1
30.Rxb1 Qxb1+ 31.Kg2 Qa1 32.Qd6 Rc8 33.Qxa6 Rc1 34.f4 Rh1 35.Kh3 Kh7 36.Qd3+ f5
37.Rg2 Qxa4 38.Qd6 Qe8 39.f3 Qh5+ 40.Kg3 Rf1 41.Qc6 Qf7 42.h3 Rh1 43.Qc3 Qh5
44.Kf2 Qh4+ 45.Ke2 Qe7 46.Rg3 Qd7 47.Kf2 Rh2+ 48.Kg1 Re2 49.Rg2 Qd1+ 50.Kh2 Rxg2+
51.Kxg2 Qe2+ 52.Kg3 Qf1 53.h4 Qg1+ 54.Kh3 Qf2 55.e4 fxe4 56.fxe4 Qxf4 57.Qd3 Kg6
58.e5+  0-1

[Event "Politiken Cup"]
[Site "Copenhagen DEN"]
[Date "2006.07.24"]
[Round "3"]
[White "Matthiesen,A"]
[Black "Skovgaard,T"]
[Result "1-0"]
[WhiteElo "2358"]
[BlackElo "2004"]

1.d4 d5 2.c4 e6 3.Nf3 Nf6 4.Nc3 Be7 5.Bf4 O-O 6.e3 c5 7.dxc5 Bxc5 8.Be2 Qa5
9.O-O dxc4 10.Bxc4 Nbd7 11.a3 Be7 12.b4 Qb6 13.Qb3 Bd6 14.Bxd6 Qxd6 15.Rfd1 Qb8
16.Rac1 Ne5 17.Be2 Nxf3+ 18.Bxf3 e5 19.Nd5 Be6 20.Nxf6+ gxf6 21.Bd5 Bxd5
22.Qxd5 Rd8 23.Qf3 Kg7 24.Rxd8 Qxd8 25.Qxb7 a5 26.h3 axb4 27.axb4 Rb8 28.Qe4 Qd2
29.Rb1 Rb5 30.Qg4+ Kf8 31.Rd1 f5 32.Qh5 Qxb4 33.Qg5 Rb8 34.Qxf5 Qa4 35.Rd7 Qa1+
36.Kh2 Qa2 37.Qxe5  1-0

[Event "Czech Open A"]
[Site "Pardubice CZE"]
[Date "2006.07.25"]
[Round "5"]
[White "Bartos,J"]
[Black "Steil Antoni,F"]
[Result "1/2-1/2"]
[WhiteElo "2223"]
[BlackElo "2031"]

1.d4 d5 2.Nf3 Nf6 3.c4 e6 4.Nc3 Be7 5.Bf4 O-O 6.e3 c5 7.dxc5 Bxc5 8.a3 a5
9.Be2 h6 10.O-O Nc6 11.Rc1 Ba7 12.Qc2 Qe7 13.Nb5 Bb8 14.Bxb8 Rxb8 15.Rfd1 Rd8
16.cxd5 Nxd5 17.Bc4 Nf6 18.Rxd8+ Qxd8 19.Rd1 Qe7 20.Nd6 Bd7 21.e4 Ne8 22.Nxe8 Bxe8
23.e5 Rd8 24.h4 Rxd1+ 25.Qxd1 Qc5 26.Qe2 Nd4 27.Nxd4 Qxd4 28.Bb5 Bxb5 29.Qxb5 Qd1+
30.Kh2 Qh5 31.Qxa5 Qxh4+ 32.Kg1 Qd4 33.Qa8+ Kh7 34.Qxb7 Qd1+ 35.Kh2 Qh5+
36.Kg1 Qd1+ 37.Kh2  1/2-1/2

[Event "Dutch Open"]
[Site "Dieren NED"]
[Date "2006.07.26"]
[Round "2"]
[White "Van Roosmalen,S"]
[Black "Senff,M"]
[Result "0-1"]
[WhiteElo "2266"]
[BlackElo "2464"]

1.d4 d5 2.c4 e6 3.Nc3 Be7 4.Nf3 Nf6 5.Bf4 O-O 6.e3 c6 7.a3 b6 8.Bd3 Bb7 9.cxd5 exd5
10.Ne5 Nbd7 11.Qe2 Nxe5 12.Bxe5 Bd6 13.Bxd6 Qxd6 14.Ba6 Bxa6 15.Qxa6 Rfe8
16.Rd1 Re7 17.h3 Qd7 18.b4 Ne8 19.O-O Nd6 20.b5 cxb5 21.Nxd5 Ree8 22.Rc1 Rac8
23.f3 f5 24.Rfe1 Rxc1 25.Rxc1 Qe6 26.e4 fxe4 27.Nc7 Qb3 28.Rf1 Rc8 29.Qxa7 Qe3+
30.Kh2 Qf4+ 31.Kg1 exf3 32.Qxb6 Qe3+ 33.Kh1 fxg2+ 34.Kxg2 Qe4+ 35.Kg1 Qe7
36.Na6 h6 37.Nb4 Rc3 38.Qb8+ Kh7 39.Qa8 Qg5+ 40.Kf2 Qg3+ 41.Ke2 Qe3+ 42.Kd1 Rc1+  0-1

[Event "Politiken Cup"]
[Site "Copenhagen DEN"]
[Date "2006.07.27"]
[Round "6"]
[White "Rasmussen,C"]
[Black "Vaganian,R"]
[Result "1/2-1/2"]
[WhiteElo "2290"]
[BlackElo "2598"]

1.d4 Nf6 2.Nf3 d5 3.c4 e6 4.Nc3 Be7 5.Bf4 O-O 6.e3 Nbd7 7.c5 c6 8.Bd3 b6
9.b4 a5 10.b5 Bb7 11.bxc6 Bxc6 12.cxb6 Bb4 13.O-O Nxb6 14.Qb3 Ne4 15.Nb5 Bxb5
16.Bxb5 Bd6 17.Bxd6 Qxd6 18.Rfc1 Rfc8 19.Ne5 f6 20.Rc6 Rxc6 21.Nxc6 a4 22.Qd3 Rc8
23.f3 Ng5 24.Rc1 Nc4 25.Rxc4 dxc4 26.Qxc4 Kh8 27.Qxa4 e5 28.Qa6 Rf8 29.Qa7 Ne6
30.a4 exd4 31.Nxd4 Nxd4 32.Qxd4 Qxd4 33.exd4 Rd8 34.Be2 Rxd4 35.a5 g5 36.a6 f5
37.Bb5 Rd2 38.Bc6 Ra2 39.Bb7 Kg7 40.g3 h5 41.f4 g4 42.Bc8 Kg6 43.Kh1 h4 44.gxh4 Ra5
45.Kg2 Kh5 46.a7 Kxh4 47.Bxf5 Ra2+ 48.Kg1 Rxa7 49.Bd3 Ra4 50.f5 Rf4 51.Kg2 Rf3
52.Be4 Re3 53.Bc6 Re5 54.Bd7 Rd5 55.Be6 Rd6 56.Bc4 Rc6 57.Be6 Rc2+ 58.Kg1 Re2
59.Bc4 Re5 60.f6 g3 61.hxg3+ Kxg3 62.f7 Rf5 63.Be6  1/2-1/2

[Event "MTO Open"]
[Site "Biel SUI"]
[Date "2006.07.28"]
[Round "5"]
[White "Illijin,N"]
[Black "Montavon,G"]
[Result "1-0"]
[WhiteElo "2249"]
[BlackElo "2129"]

1.Nf3 d5 2.d4 Nf6 3.c4 e6 4.Nc3 Be7 5.Bf4 O-O 6.e3 c6 7.Bd3 h6 8.O-O Bd6
9.Ne5 dxc4 10.Bxc4 b5 11.Bd3 Bb7 12.Rc1 a6 13.Ne4 Bxe5 14.Bxe5 Nxe4 15.Bxe4 Nd7
16.Bd6 Re8 17.Bxc6 Bxc6 18.Rxc6 Nf6 19.Qc2 h5 20.Rc1 h4 21.h3 g5 22.Be5 Nd5
23.Qe2 f6 24.Bd6 Kg7 25.Qg4 Kh6 26.Bc5 Qd7 27.Rd6 Qf7 28.Qe4 Kh5 29.Rc6 a5
30.Bd6 Ra7 31.Qd3 b4 32.e4 Ne7 33.Rc7 Rxc7 34.Rxc7 e5 35.d5 f5 36.exf5 Qf6
37.Bxe7 Rxe7 38.Qf3+  1-0

[Event "Czech Open A"]
[Site "Pardubice CZE"]
[Date "2006.07.28"]
[Round "8"]
[White "Dziuba,M"]
[Black "Zeberski,J"]
[Result "1-0"]
[WhiteElo "2511"]
[BlackElo "2410"]

1.d4 d5 2.Nf3 Nf6 3.c4 e6 4.Nc3 Be7 5.Bf4 O-O 6.e3 Nbd7 7.c5 c6 8.h3 h6 9.Bd3 b6
10.b4 a5 11.a3 Ba6 12.O-O Qc8 13.Qe2 Qb7 14.Rfc1 Bxd3 15.Qxd3 b5 16.Nd2 axb4
17.axb4 Rxa1 18.Rxa1 Ra8 19.Qb1 Bd8 20.Nb3 Rxa1 21.Nxa1 Bc7 22.Bxc7 Qxc7
23.Ne2 Nb8 24.Nf4 Kf8 25.g4 g5 26.Nd3 h5 27.gxh5 Nxh5 28.Qd1 Nf6 29.Qf3 Ne4
30.Qh5 Kg7 31.Ne5 Na6 32.f3 Nc3 33.Qxg5+ Kh7 34.Kf1 Nxb4 35.Ng4  1-0

[Event "15th Open A"]
[Site "Vienna AUT"]
[Date "2006.07.31"]
[Round "3"]
[White "Zoebisch,H"]
[Black "Sepetavc,W"]
[Result "0-1"]
[WhiteElo "2194"]
[BlackElo "2056"]

1.d4 d5 2.c4 e6 3.Nc3 Nf6 4.Nf3 Be7 5.Bf4 O-O 6.e3 Nbd7 7.Qc2 c5 8.dxc5 Nxc5
9.O-O-O Qa5 10.Ne5 Rd8 11.Kb1 Bd7 12.Nxd7 Rxd7 13.cxd5 Nxd5 14.Nxd5 exd5
15.Be2 Bf6 16.Bg4 Rdd8 17.Rd2 Na4 18.Qc1 Qb4 19.Bh3 d4 20.Rhd1 Nc3+  0-1

[Event "Inline Czechia Cup"]
[Site "Olomouc CZE"]
[Date "2006.08.04"]
[Round "3"]
[White "Cifka,S"]
[Black "Kotan,L"]
[Result "1-0"]
[WhiteElo "2342"]
[BlackElo "2289"]

1.d4 d5 2.Nf3 Nf6 3.c4 e6 4.Nc3 Be7 5.Bf4 c5 6.dxc5 Na6 7.cxd5 Nxd5 8.Nxd5 exd5
9.e3 Nxc5 10.Bb5+ Bd7 11.Bxd7+ Qxd7 12.O-O O-O 13.Be5 f6 14.Bd4 Rfd8 15.Qe2 a6
16.Bxc5 Bxc5 17.Rfd1 Qb5 18.Rd3 Rd7 19.Rad1 Rad8 20.Qd2 Qc4 21.Rc3 Qb4 22.a3 Qb5
23.Rd3 Ba7 24.Nd4 Qb6 25.Qe2 Bb8 26.Qg4 Re7 27.Nf5 Rc7 28.Rxd5 Rxd5 29.Rxd5 Rc1+
30.Rd1 Qc7 31.g3 g6 32.Nd4 Qc4 33.Rxc1 Qxc1+ 34.Kg2 f5 35.Nxf5 Qxb2 36.Qc4+ Kf8
37.Qc8+ Kf7 38.Qd7+  1-0

[Event "HZ Open"]
[Site "Vlissingen NED"]
[Date "2006.08.06"]
[Round "3"]
[White "Pedersen,Stef"]
[Black "Dek,L"]
[Result "1-0"]
[WhiteElo "2436"]
[BlackElo "2191"]

1.d4 d5 2.c4 e6 3.Nc3 Be7 4.Nf3 Nf6 5.Bf4 b6 6.e3 Bb7 7.cxd5 exd5 8.Bd3 O-O
9.O-O a6 10.Ne5 Nbd7 11.Qf3 Re8 12.Rac1 c5 13.Rfd1 cxd4 14.exd4 Nf8 15.Bg5 Ne6
16.Bxh7+ Kxh7 17.Bxf6 Bxf6 18.Qh5+ Kg8 19.Qxf7+ Kh7 20.Qh5+ Kg8 21.Qf7+ Kh7
22.Qxb7 Nxd4 23.Rxd4 Bxe5 24.Rxd5 Qf6 25.Rdd1 Rf8 26.Qe4+ Kh8 27.f4 Qxf4
28.Qxf4 Bxf4 29.Rc2 Rf7 30.Rd3 Raf8 31.g3 Bg5 32.Kg2 Rc7 33.Re2 Rfc8 34.Re6 Rc6
35.Rdd6 Rxd6 36.Rxd6 Be3 37.Kf3 Bc5 38.Rd3 Rf8+ 39.Kg4 Rf2 40.Ne4 Rxb2 41.Ng5 Be7
42.h4 Rxa2 43.Kh5 Ra5 44.Kg6 Rc5 45.Ne6 Rc6 46.Kf7 Bf6 47.Rd5 Rxe6 48.Kxe6 Kg8
49.Rd6 a5 50.Rxb6 Bc3 51.g4 Be1 52.h5 Bd2 53.Ra6 Kh7 54.Kf5  1-0

[Event "93rd ch-GBR"]
[Site "Swansea WLS"]
[Date "2006.08.09"]
[Round "3"]
[White "Pert,R"]
[Black "Varley,P"]
[Result "1-0"]
[WhiteElo "2445"]
[BlackElo "2228"]

1.d4 d5 2.c4 e6 3.Nf3 Nf6 4.Nc3 Be7 5.Bf4 O-O 6.e3 c6 7.Bd3 Nbd7 8.h3 dxc4
9.Bxc4 Nd5 10.Bg3 Nxc3 11.bxc3 c5 12.O-O Nb6 13.Bd3 Bd7 14.Ne5 Ba4 15.Qh5 g6
16.Qe2 Nd7 17.Nc4 Nf6 18.Rab1 b6 19.Ne5 cxd4 20.cxd4 Nd5 21.Qf3 Rc8 22.Ba6 Rc2
23.Rbc1 Nb4 24.Rxc2 Bxc2 25.Nc6 Qd7 26.Bb5 Nxc6 27.Bxc6 Qc8 28.Rc1 Ba4 29.Rc4 Bxc6
30.Rxc6 Qa6 31.Rc7 Bd8 32.Rd7 Bg5 33.Bd6 Qa4 34.Rb7 Qe8 35.Rxa7 Kg7 36.Qb7 Bd8
37.Qd7  1-0

[Event "93rd ch-GBR"]
[Site "Swansea WLS"]
[Date "2006.08.09"]
[Round "3"]
[White "Pert,N"]
[Black "Haslinger,S"]
[Result "1/2-1/2"]
[WhiteElo "2503"]
[BlackElo "2423"]

1.d4 d5 2.Nf3 Nf6 3.c4 e6 4.Nc3 Be7 5.Bf4 c5 6.dxc5 Na6 7.e3 Nxc5 8.cxd5 Nxd5
9.Nxd5 exd5 10.Bb5+ Bd7 11.Bxd7+ Qxd7 12.O-O O-O 13.Qe2 Rac8 14.Rfd1 Rfd8
15.Rac1 Ne4 16.h3 a6 17.Be5 h6 18.Rxc8 Qxc8 19.Nd4 Bh4 20.Rf1 Re8 21.Nf3 Qc4
22.Qd1 Qxa2 23.Qd4 Bf6 24.Bxf6 Nxf6 25.Qb6 Re7 26.Qd8+ Re8 27.Qb6 Re7 28.Qd8+  1/2-1/2

[Event "HZ Open"]
[Site "Vlissingen NED"]
[Date "2006.08.10"]
[Round "7"]
[White "Landa,K"]
[Black "Dek,L"]
[Result "1-0"]
[WhiteElo "2584"]
[BlackElo "2191"]

1.d4 d5 2.c4 e6 3.Nc3 Be7 4.Nf3 Nf6 5.Bf4 O-O 6.e3 c5 7.dxc5 Qa5 8.a3 dxc4
9.Bxc4 Qxc5 10.Bd3 Nc6 11.Rc1 Qa5 12.Qa4 Qd8 13.Qc2 Qa5 14.Nd2 e5 15.Nc4 Qc7
16.Nb5 Qb8 17.Bg3 Bd7 18.O-O Re8 19.Rfd1 a6 20.Nd4 Bd8 21.Bf5 Bxf5 22.Qxf5 Be7
23.Nxc6 bxc6 24.Bh4 Nd5 25.e4 Nf4 26.Rd7 Rf8 27.Qg4 Bd8 28.Bg3 Ng6 29.h4 h6
30.h5 Nf4 31.Bxf4 exf4 32.e5 Bg5 33.e6 Qb3 34.e7 Rfe8 35.Rc3 Qa2 36.Qe2 Qb1+
37.Kh2 Qf5 38.Rb7 Qf6 39.Nb6 Qd6 40.Qf3 Rab8 41.Rxc6 Qd4 42.Rxb8 Rxb8 43.Nc8 Qe5
44.Rc2 Qe6 45.Qc6  1-0

[Event "17th Jozef Kochan Mem"]
[Site "Koszalin POL"]
[Date "2006.08.11"]
[Round "8"]
[White "Grycel,K"]
[Black "Kanarek,M"]
[Result "0-1"]
[WhiteElo "2317"]
[BlackElo "2190"]

1.d4 Nf6 2.Nf3 d5 3.c4 e6 4.Nc3 Be7 5.Bf4 c6 6.e3 O-O 7.c5 Nh5 8.Bg3 Nxg3
9.hxg3 Nd7 10.b4 b6 11.Be2 bxc5 12.bxc5 e5 13.Qa4 Qc7 14.Rb1 Bf6 15.Qa3 Re8
16.O-O exd4 17.exd4 Nf8 18.Ba6 Bxa6 19.Qxa6 Ne6 20.Ne2 Rab8 21.Rfd1 h5 22.Rxb8 Rxb8
23.Nf4 Nxf4 24.gxf4 Rb2 25.Ne5 Bxe5 26.fxe5 Qd7 27.Qa3 Re2 28.Qf3 Qg4 29.Qxg4 hxg4
30.a3 Rb2 31.Rd3 a5 32.Rg3 a4 33.Rxg4 Rb1+ 34.Kh2 Ra1 35.Rg3 Rd1 36.Re3 Rxd4
37.e6 Kf8 38.exf7 Kxf7 39.Rf3+ Kg8 40.Re3 Rc4 41.Re8+ Kf7 42.Ra8 d4 43.Kg3 Rxc5
44.Kf3 Rc2 45.Ke4 c5 46.Rxa4 Rxf2 47.Rc4 Re2+ 48.Kf4 Rf2+ 49.Ke4 Re2+ 50.Kf4 g5+
51.Kf5 Ke7 52.Rxc5 Kd6 53.Rc8 Re5+ 54.Kf6 Kd5 55.a4 Ke4 56.Rc1 Ra5 57.Re1+ Kd3
58.Re5 Rxa4 59.Kxg5 Kc3 60.Rc5+ Kd2 61.g4 d3 62.Rd5 Ke3 63.Re5+ Re4 64.Ra5 Kf3
65.Rf5+ Ke3 66.Rf1 d2 67.Kf5 Rf4+ 68.Rxf4 d1=Q 69.Re4+ Kf3 70.Re5 Qd7+ 71.Re6 Qd5+
72.Re5 Qf7+ 73.Kg5 Qf4+  0-1

[Event "107th Annual US Open"]
[Site "Chicago USA"]
[Date "2006.08.12"]
[Round "8"]
[White "Kaidanov,G"]
[Black "Dean,J"]
[Result "1-0"]
[WhiteElo "2596"]
[BlackElo "2232"]

1.d4 d5 2.c4 e6 3.Nf3 Nf6 4.Nc3 Be7 5.Bf4 O-O 6.e3 c5 7.dxc5 Bxc5 8.Qc2 Nc6
9.a3 Qa5 10.Nd2 Be7 11.Bg3 Bd7 12.Be2 Rfc8 13.O-O Qd8 14.cxd5 exd5 15.Nf3 Be6
16.Rfd1 Qb6 17.Na4 Qd8 18.Nc3 Qb6 19.Bh4 Na5 20.Nd4 Nc4 21.Na4 Qd8 22.Qb1 Ne4
23.Bg3 Qe8 24.Bxc4 Rxc4 25.Nc3 Nxg3 26.hxg3 Bf6 27.Qd3 Rac8 28.Rd2 Qf8 29.Rad1 g6
30.Nce2 a6 31.Qb3 b5 32.Nf4 Qe7 33.Nde2 d4 34.Nxe6 Qxe6 35.exd4 Qd6 36.Qf3 Bg5
37.Rd3 Rc2 38.Rc3 R2xc3 39.Nxc3  1-0

[Event "ch-Euro Senior"]
[Site "Davos SUI"]
[Date "2006.08.13"]
[Round "9"]
[White "Mazja,A"]
[Black "Khanukov,B"]
[Result "0-1"]
[WhiteElo "2320"]
[BlackElo "2357"]

1.d4 Nf6 2.c4 e6 3.Nc3 d5 4.Nf3 Be7 5.Bf4 O-O 6.cxd5 Nxd5 7.Bd2 c5 8.dxc5 Bxc5
9.Nxd5 Qxd5 10.Bc3 Qh5 11.e3 b6 12.Be2 Ba6 13.Ne5 Bxe2 14.Qxe2 Qxe2+ 15.Kxe2 f6
16.Nd3 Be7 17.Nf4 Kf7 18.h4 Na6 19.f3 Rac8 20.Rac1 Rc7 21.Bd2 Rd7 22.e4 Rfd8
23.Rhd1 f5 24.exf5 exf5 25.Be1 Bf6 26.Rxd7+ Rxd7 27.b4 Rc7 28.Rxc7+ Nxc7
29.a4 a6 30.Bf2 b5 31.axb5 axb5 32.Kd3 Be5 33.Ne2 Nd5 34.Bc5 g6 35.g3 Ke6
36.Nd4+ Kd7 37.f4 Bxd4 38.Kxd4 Nf6 39.Bf8 Kc6 40.Be7 Nh5 41.Ke5 Nxg3 42.Kf6 Nh5+
43.Ke5 Ng3 44.Kf6 Kd7 45.Kf7 Ne2 46.Bg5 Nc3 47.Be7 Nd5 48.Bc5 Nxf4 49.Kg7 Ke6
50.Kxh7 Kf7 51.Kh6 Nd3 52.Bd4 f4 53.h5 gxh5 54.Kxh5 f3 55.Kg4 f2 56.Bxf2 Nxf2+
57.Kf3 Nd3 58.Ke4 Nxb4 59.Kd4 Nc6+  0-1

[Event "Acropolis Open"]
[Site "Athens GRE"]
[Date "2006.08.15"]
[Round "3"]
[White "Svetushkin,D"]
[Black "Managadze,N"]
[Result "1-0"]
[WhiteElo "2569"]
[BlackElo "2444"]

1.d4 Nf6 2.c4 e6 3.Nf3 d5 4.Nc3 Be7 5.Bf4 O-O 6.e3 c6 7.h3 Nbd7 8.Qc2 b6
9.Bd3 Bb7 10.Rd1 a6 11.a3 dxc4 12.Bxc4 b5 13.Bd3 h6 14.O-O Qb6 15.b4 a5 16.Rb1 axb4
17.axb4 Nd5 18.Nxd5 exd5 19.Ne5 Nxe5 20.Bxe5 Ra4 21.Qe2 Bc8 22.e4 Be6 23.exd5 cxd5
24.Qd2 Rc8 25.Rb3 Kf8 26.Rd1 Bd7 27.Bf1 Bf5 28.Rg3 f6 29.Bd3 Bxb4 30.Qf4 Bxd3
31.Qg4 Qb7 32.Bxf6 Rc7 33.Rdxd3 Rf7 34.Bxg7+ Rxg7 35.Rdf3+ Kg8 36.Qe6+ Kh7
37.Rf6 Bd2 38.Qf5+  1-0

[Event "Independence Cup A"]
[Site "Kyiv UKR"]
[Date "2006.08.15"]
[Round "3"]
[White "Shishkin,Va UKR"]
[Black "Julin,A"]
[Result "1-0"]
[WhiteElo "2529"]
[BlackElo "2231"]

1.d4 d5 2.c4 e6 3.Nf3 Nf6 4.Nc3 Be7 5.Bf4 O-O 6.e3 c6 7.h3 Nbd7 8.a3 dxc4
9.Bxc4 b5 10.Bd3 a6 11.Ne4 c5 12.Rc1 c4 13.Bb1 Bb7 14.Nd6 Qa5+ 15.Nd2 Bxg2
16.Rg1 Bxh3 17.Qf3 Bg4 18.Rxg4 Nxg4 19.Qxg4 f5 20.Bxf5 exf5 21.Nxf5 Rxf5
22.Qxf5 Nf6 23.Ke2 Re8 24.Nxc4 Qd8 25.Qe6+ Kf8 26.Nd6  1-0